Pokladnica

Príspevok sa zaoberá pokladnicou ako komplexom zahŕňajúcim činnosti súvisiace s manipuláciou s prostriedkami v hotovosti.. Návod na vypracovanie internej smernice o pokladničných operáciách.

Salvato in:
Dettagli Bibliografici
Autore principale: Brtníková, Jana
Natura: Capitolo di libro
Lingua:slovacco
Soggetti:
Tags: Aggiungi Tag
Nessun Tag, puoi essere il primo ad aggiungerne!!

MARC

LEADER 00000naa$a2200000$$$4500
001 0003575
005 20231003104952.8
041 0 |a slo 
044 |a SK 
245 1 0 |a Pokladnica  |c aut. Jana Brtníková 
520 |a Príspevok sa zaoberá pokladnicou ako komplexom zahŕňajúcim činnosti súvisiace s manipuláciou s prostriedkami v hotovosti.. Návod na vypracovanie internej smernice o pokladničných operáciách. 
610 2 0 |a pokladnica 
610 2 0 |a peniaze 
610 2 0 |a hotovosť 
100 1 |a Brtníková, Jana